Statistics for Chicago Cubs Quiz

Click here to take the quiz!

General Stats

  • This quiz has been taken 155 times
  • The average score is 11 of 17

Answer Stats

HintAnswer% Correct
Starting FirstbasemanAnthony Rizzo
96%
Last Time They Won The World Series1908
87%
Who Did They Play In The 2016 World SeriesCleveland Indians
86%
Starting Left-Handed PitcherJon Lester
82%
Are The Cubs In The AL or NLNL
82%
How Many Years Did They Go Without Winning A World Series108
81%
ManagerJoe Maddon
77%
Anthony Rizzo's Number44
76%
Starting Right-Handed PitcherJake Arrieta
70%
Tore His ACL in First Games Of the SeasonKyle Schwarber
67%
Guy Who Hit Grand Slam In 2016 World SeriesAddison Russell
60%
Last Time They Were in the World Series1945
56%
Year Wrigley Field Was Opened1914
55%
Score Of Final Game In The World Series8-7
51%
Famous AnnouncerHarry Caray
26%
Record in 2016 Season103-58
24%
Cubs NicknameLovable Losers
22%

Score Distribution

Percentile by Number Answered

Percent of People with Each Score

Your Score History

You have not taken this quiz